Principios de contabilidad y control
Saved in:
| Main Authors: | , |
|---|---|
| Format: | Bog |
| Sprog: | spansk |
| Udgivet: |
Ciudad de México
C.E.C.S.A
1969
|
| Udgivelse: | 2a. ed |
| Fag: | |
| Tags: |
Tilføj Tag
Ingen Tags, Vær først til at tagge denne postø!
|
MARC
| LEADER | 00000nam a2200000 a 4500 | ||
|---|---|---|---|
| 001 | UCR3805 | ||
| 003 | CL-VaPUC | ||
| 008 | 980130e19690000MX |||||||||||||||||spa|d | ||
| 082 | 0 | 4 | |a 657 |b VAN |2 21 |
| 100 | 0 | |a Vance, Lawrence |e author |9 403091 | |
| 700 | 0 | |a Taussig, Russell |e author |9 403092 | |
| 245 | 1 | 0 | |a Principios de contabilidad y control |
| 250 | |a 2a. ed | ||
| 300 | |a 860 p | ||
| 942 | |c BK | ||
| 945 | |d 19980130 00:00:00 |a aolguin | ||
| 260 | |a Ciudad de México |b C.E.C.S.A |c 1969 | ||
| 650 | 0 | |a Contabilidad |9 261430 | |
| 650 | 7 | |a BALANCE |2 CL-VaPUC |9 352306 | |
| 650 | 7 | |a ESTADOS FINANCIEROS |2 CL-VaPUC |9 403093 | |
| 650 | 7 | |a INGRESOS |2 CL-VaPUC |9 367979 | |
| 650 | 0 | |a Costos |9 261063 | |
| 650 | 7 | |a CONTROL DE COMPRA |2 CL-VaPUC |9 403094 | |
| 650 | 0 | |a Control de venta |9 403095 | |
| 650 | 7 | |a CONTROL DE CAJA |2 CL-VaPUC |9 403096 | |
| 650 | 7 | |a CONTROL DE ACTIVOS |2 CL-VaPUC |9 403097 | |
| 650 | 7 | |a CONTROL DE PASIVOS |2 CL-VaPUC |9 403098 | |
| 650 | 0 | |a Inventarios |9 263681 | |
| 650 | 0 | |a Activos |x Bienes y derechos |x Contabilidad |9 394752 | |
| 650 | 7 | |a DOCUMENTOS FINANCIEROS |2 CL-VaPUC |9 367392 | |
| 650 | 0 | |a Impuesto a la renta |9 258171 | |
| 650 | 0 | |a Sociedades anónimas |9 255387 | |
| 650 | 0 | |a Control de costos |9 263895 | |
| 650 | 0 | |a Contabilidad de costos |9 260564 | |
| 650 | 0 | |a Trabajo |9 313876 | |
| 650 | 0 | |a Producción |9 263680 | |
| 650 | 7 | |a COSTOS ESTADARES |2 CL-VaPUC |9 403099 | |
| 650 | 7 | |a PRESUPUETOS |2 CL-VaPUC |9 403100 | |
| 650 | 0 | |a Capital |9 263726 | |
| 583 | |a last modification |c 20160311 00:03:15 |k Rodrigo Vera | ||
| 999 | |c 266827 |d 266825 | ||
| 952 | |0 0 |1 0 |4 0 |6 657_000000000000000_VAN_1969 |7 0 |8 P |9 298821 |a BIBGIM |b BIBGIM |d 2019-11-20 |i 1944339 |o 657 VAN 1969 |p 1944339 |r 2025-01-15 |w 2019-11-20 |y BK |k COM | ||